[Event "Bohemians"]
[Site "Prague"]
[Date "1988.??.??"]
[Round "?"]
[White "Pekarek, Ales"]
[Black "Prandstetter, Eduard"]
[Result "1/2-1/2"]
[WhiteElo "2440"]
[BlackElo "2395"]
[PlyCount "94"]
[EventDate "1988.01.??"]
[Source "ChessBase"]

1. Nf3 d5 2. d4 Nf6 3. c4 e6 4. Nc3 Be7 5. Bg5 O-O 6. e3 Nbd7 7. Rc1 c6 8. Bd3 dxc4 9. Bxc4 Nd5 10. Bxe7 Qxe7 11. O-O Nxc3 12. Rxc3 e5 13. h3 e4 14. Nd2 Kh8 15. f3 exf3 16. Rxf3 Nb6 17. Bb3 Be6 18. Rc5 Rad8 19. Ra5 a6 20. Bxe6 fxe6 21. Re5 Nd7 22. Rxf8+ Rxf8 23. Re4 Nf6 24. Rf4 e5 25. dxe5 Qxe5 26. Nc4 Qe6 27. Qd6 Re8 28. Qxe6 Rxe6 29. Rd4 Kg8 30. Rd8+ Re8 31. Rxe8+ Nxe8 32. Kf2 Kf7 33. e4 Ke6 34. Ke3 c5 35. Nb6 Kd6 36. Kf4 Kc6 37. Nc4 b5 38. Nd2 Kd6 39. h4 Nc7 40. Nf3 Ne6+ 41. Ke3 h5 42. g3 g6 43. Ne1 c4 44. Ng2 Ke5 45. Nf4 Nf8 46. Nd5 Ne6 47. Nf4 Nf8 1/2-1/2

[Event "HUN-chT 0203"]
[Site "?"]
[Date "2002.09.22"]
[Round "1"]
[White "Lukacs Peter"]
[Black "Kovacs Gabor"]
[Result "1-0"]
[WhiteElo "2444"]
[BlackElo "2385"]
[PlyCount "107"]
[EventDate "2002.??.??"]
[Source "www.chesslib.no"]
[SourceDate "2004.05.04"]

1. d4 Nf6 2. c4 e6 3. Nf3 d5 4. Nc3 Be7 5. Bg5 O-O 6. e3 Nbd7 7. Rc1 c6 8. Bd3 dxc4 9. Bxc4 Nd5 10. Bxe7 Qxe7 11. O-O Nxc3 12. Rxc3 e5 13. Bb3 exd4 14. exd4 Nf6 15. Re1 Qd6 16. Qc2 g6 17. Rce3 Bf5 18. Qd2 Rad8 19. Qa5 Qb8 20. h3 Nd5 21. Re5 b6 22. Qd2 Qd6 23. Bxd5 cxd5 24. Qh6 Rd7 25. g4 Bd3 26. R1e3 Bb5 27. Kg2 Rb7 28. Nh4 Rd8 29. Nf3 Qf6 30. Ng5 Qg7 31. Qh4 Rf8 32. Re7 Rxe7 33. Rxe7 h6 34. Ne6 g5 35. Nxg7 gxh4 36. Nf5 Bd3 37. Ne3 Kg7 38. Rxa7 Rc8 39. Ra3 Be4+ 40. f3 Bb1 41. Rc3 Rxc3 42. bxc3 Bxa2 43. Nf5+ Kg6 44. Nxh4+ Kf6 45. Nf5 h5 46. Ne3 hxg4 47. fxg4 Ke6 48. Kf3 Bb1 49. Kf4 f6 50. h4 Bd3 51. h5 Bb1 52. g5 fxg5+ 53. Kxg5 Be4 54. Ng4 1-0

[Event "AUS Ch"]
[Site "?"]
[Date "1987.01.10"]
[Round "11.5"]
[White "Torre Eugenio"]
[Black "Shaw Terrey Ian"]
[Result "1-0"]
[WhiteElo "2540"]
[BlackElo "2275"]
[PlyCount "71"]
[EventDate "1987.??.??"]
[Source "www.chesslib.no"]
[SourceDate "2004.05.04"]

1. d4 d5 2. Nf3 Nf6 3. c4 e6 4. Bg5 Be7 5. Nc3 O-O 6. e3 Ne4 7. Bxe7 Qxe7 8. Rc1 c6 9. Bd3 Nxc3 10. Rxc3 dxc4 11. Bxc4 Nd7 12. O-O e5 13. Bb3 exd4 14. Nxd4 Nf6 15. Qc2 Bd7 16. f3 Rac8 17. Rd1 c5 18. Nf5 Bxf5 19. Qxf5 b5 20. e4 g6 21. Qg5 c4 22. Bc2 b4 23. Re3 Rfd8 24. Ree1 c3 25. bxc3 Rxc3 26. Bb3 Rcd3 27. Rxd3 Rxd3 28. Rc1 Qd6 29. h4 Kg7 30. e5 Qd4+ 31. Kh2 Nd5 32. Bxd5 Qxd5 33. Qf6+ Kh6 34. Rc7 Qd8 35. Qf4+ Kg7 36. Qxf7+ 1-0

[Event "Cansys GM-Nov"]
[Site "Budapest HUN"]
[Date "1991.??.??"]
[Round "11"]
[White "Lengyel, Levente"]
[Black "Van Mil, Johannes A J"]
[Result "1/2-1/2"]
[WhiteElo "2380"]
[BlackElo "2430"]
[PlyCount "32"]
[EventDate "1991.11.??"]
[Source "www.chesslib.no"]
[SourceDate "2004.05.04"]

1. d4 Nf6 2. c4 e6 3. Nf3 d5 4. Nc3 Be7 5. Bg5 O-O 6. e3 Nbd7 7. Rc1 c6 8. Bd3 dxc4 9. Bxc4 Nd5 10. Bxe7 Qxe7 11. O-O Nxc3 12. Rxc3 e5 13. Bb3 exd4 14. exd4 Nf6 15. Re1 Qd6 16. Ne5 Be6 1/2-1/2

[Event "IND-ch"]
[Site "New Delhi"]
[Date "2001.06.02"]
[Round "19"]
[White "Lahiri, A."]
[Black "Murugan, Krishnamoorthy"]
[Result "0-1"]
[WhiteElo "2391"]
[BlackElo "2390"]
[PlyCount "58"]
[EventDate "2001.06.02"]
[Source "ChessBase"]
[SourceDate "2001.07.03"]

1. d4 d5 2. c4 e6 3. Nc3 Nf6 4. Bg5 Nbd7 5. e3 Be7 6. Nf3 O-O 7. Rc1 c6 8. Bd3 dxc4 9. Bxc4 Nd5 10. Bxe7 Qxe7 11. O-O Nxc3 12. Rxc3 e5 13. Bb3 Re8 14. dxe5 Nxe5 15. Nxe5 Qxe5 16. f4 Qf6 17. f5 a5 18. a4 b6 19. Rd3 Ra7 20. Rd6 Qe5 21. Qd4 Qxd4 22. exd4 Rd7 23. Rxc6 Rxd4 24. Rc7 Bd7 25. f6 Rd6 26. fxg7 Re7 27. Kf2 Rf6+ 28. Kg1 Rxf1+ 29. Kxf1 Bb5+ 0-1

[Event "Oakham YM"]
[Site "Oakham"]
[Date "1986.??.??"]
[Round "9"]
[White "Piket, Jeroen"]
[Black "Arlandi, Ennio"]
[Result "1/2-1/2"]
[WhiteElo "2410"]
[BlackElo "2360"]
[PlyCount "42"]
[EventDate "1986.04.??"]
[Source "ChessBase"]

1. d4 d5 2. c4 e6 3. Nf3 Nf6 4. Nc3 Be7 5. Bg5 O-O 6. e3 Nbd7 7. Rc1 c6 8. Bd3 dxc4 9. Bxc4 Nd5 10. Bxe7 Qxe7 11. O-O Nxc3 12. Rxc3 e5 13. Bb3 exd4 14. Qxd4 Nf6 15. Rc5 Be6 16. Re5 Nd7 17. Rg5 f6 18. Qe4 Rfe8 19. Qxe6+ Qxe6 20. Bxe6+ Rxe6 21. Ra5 Rd6 1/2-1/2

[Event "Cappelle op"]
[Site "Cappelle la Grande"]
[Date "1999.02.15"]
[Round "3"]
[White "Fabiano, Giuseppe"]
[Black "Dervishi, Erald"]
[Result "0-1"]
[WhiteElo "2282"]
[BlackElo "2484"]
[PlyCount "60"]
[EventDate "1999.02.??"]
[Source "www.chesslib.no"]
[SourceDate "2004.05.04"]

1. d4 Nf6 2. Nf3 e6 3. c4 d5 4. Nc3 Be7 5. Bg5 O-O 6. e3 Nbd7 7. Rc1 c6 8. Bd3 dxc4 9. Bxc4 Nd5 10. Bxe7 Qxe7 11. O-O Nxc3 12. Rxc3 e5 13. e4 exd4 14. Qxd4 Nb6 15. e5 Rd8 16. Qf4 Nxc4 17. Rxc4 Be6 18. Rc3 Rd5 19. Ng5 Rad8 20. Rg3 Rd4 21. Ne4 Kh8 22. Qe3 Rd3 23. Qxa7 Bc4 24. Nd6 Rxg3 25. Nxc4 Rgd3 26. Nd6 Kg8 27. f4 h6 28. Qa4 Rd2 29. Qb4 R8xd6 30. exd6 Qe2 0-1

[Event "Gibtelecom Masters"]
[Site "Catalan Bay ING"]
[Date "2007.01.30"]
[Round "7"]
[White "Dzagnidze, N."]
[Black "Simpson, J."]
[Result "1-0"]
[WhiteElo "2463"]
[BlackElo "2267"]
[PlyCount "141"]
[EventDate "2007.01.23"]
[Source "www.chesslib.no"]
[SourceDate "2004.05.04"]

1. d4 Nf6 2. Nf3 e6 3. Bg5 d5 4. e3 Nbd7 5. c4 Be7 6. Nc3 O-O 7. Rc1 c6 8. Bd3 dxc4 9. Bxc4 Nd5 10. Bxe7 Qxe7 11. O-O Nxc3 12. Rxc3 e5 13. d5 cxd5 14. Qxd5 e4 15. Nd4 Nf6 16. Qb5 Qd6 17. Rfc1 a6 18. Qg5 Bd7 19. h3 Rac8 20. a3 b5 21. Ba2 Rxc3 22. Rxc3 Rc8 23. Rxc8+ Bxc8 24. b4 Kf8 25. Kf1 h6 26. Qf4 Qxf4 27. exf4 Bb7 28. g3 Bd5 29. Bb1 g6 30. Ke2 Bc4+ 31. Kd2 Ke7 32. Nc6+ Kd6 33. Nb8 Bd5 34. Nxa6 Nd7 35. Kc3 Bb7 36. Nc5 Nxc5 37. bxc5+ Kxc5 38. Ba2 Bd5 39. Bb1 f6 40. Bc2 Bc6 41. Bd1 Bd5 42. Be2 g5 43. fxg5 fxg5 44. Bg4 Bc6 45. Bf5 Bd5 46. Bd7 Bc4 47. Bc8 Bd5 48. Bf5 Bc6 49. Be6 Kd6 50. Bf7 Kc5 51. Bg6 Bb7 52. Kd2 Kc4 53. Bf7+ Bd5 54. Be8 Be6 55. h4 gxh4 56. gxh4 b4 57. axb4 Kxb4 58. Ke3 Kc5 59. Kxe4 Kd6 60. Ba4 Bh3 61. Bb3 Bc8 62. f4 Bd7 63. f5 Be8 64. Kf4 Bh5 65. Bg8 Be2 66. f6 Bh5 67. Kf5 Kd7 68. Bh7 Kd8 69. Bg6 Be2 70. Ke6 Bc4+ 71. Kd6 1-0

[Event "Torino"]
[Site "Turin ITA"]
[Date "1983.??.??"]
[Round "4"]
[White "Grinza, Andrea"]
[Black "Toth, Bela"]
[Result "1/2-1/2"]
[WhiteElo "2320"]
[BlackElo "2375"]
[PlyCount "86"]
[EventDate "1983.??.??"]
[Source "www.chesslib.no"]
[SourceDate "2004.05.04"]

1. d4 Nf6 2. c4 e6 3. Nf3 d5 4. Nc3 Be7 5. Bg5 Nbd7 6. e3 O-O 7. Rc1 c6 8. Bd3 dxc4 9. Bxc4 Nd5 10. Bxe7 Qxe7 11. O-O Nxc3 12. Rxc3 e5 13. Bb3 e4 14. Nd2 Nf6 15. Qc2 Bg4 16. Re1 Rad8 17. h3 Bc8 18. Rc5 Rfe8 19. Re5 Qc7 20. Rxe8+ Rxe8 21. a3 Qe7 22. Rc1 Be6 23. Qc5 Qxc5 24. Rxc5 Bxb3 25. Nxb3 Nd5 26. Nc1 h5 27. h4 g6 28. Ne2 Rd8 29. Nc3 Nxc3 30. Rxc3 Rd5 31. Rb3 Rd7 32. Kh2 b6 33. Rc3 Rd6 34. b4 Kf8 35. Kg3 Ke7 36. f3 exf3 37. gxf3 Kd7 38. Kf2 Rd5 39. Rc4 a5 40. e4 Rb5 41. Ke3 axb4 42. Rxb4 Ra5 43. Rxb6 Rxa3+ 1/2-1/2

[Event "Budapest IM"]
[Site "Budapest HUN"]
[Date "1991.??.??"]
[Round "7"]
[White "Orso, Miklos"]
[Black "Almasi, Istvan"]
[Result "0-1"]
[WhiteElo "2400"]
[BlackElo "2280"]
[PlyCount "120"]
[EventDate "1991.??.??"]
[Source "www.chesslib.no"]
[SourceDate "2004.05.04"]

1. d4 Nf6 2. c4 e6 3. Nc3 d5 4. Bg5 Be7 5. e3 O-O 6. Nf3 Nbd7 7. Bd3 c6 8. O-O dxc4 9. Bxc4 Nd5 10. Bxe7 Qxe7 11. Rc1 Nxc3 12. Rxc3 e5 13. Bb3 exd4 14. exd4 Nf6 15. Re1 Qd6 16. Ne5 Bf5 17. Rg3 Rae8 18. Qf3 Bg6 19. Rf1 Qxd4 20. Nxg6 hxg6 21. Rxg6 Qxb2 22. Qg3 Ne4 23. Qh4 Qe2 24. Qh6 Qb2 25. Rg4 Qf6 26. Rg6 Qb2 27. h3 Nd2 28. Rxg7+ Qxg7 29. Qxd2 Re5 30. Qd7 Rg5 31. g3 Kh8 32. Kh2 f5 33. Qd6 f4 34. g4 Rg6 35. Qd3 f3 36. Re1 Rh6 37. Rg1 Qe5+ 38. Rg3 Rd6 39. Qc2 Rfd8 40. Qf5 Qxf5 41. gxf5 b5 42. a4 a6 43. axb5 axb5 44. Rg1 c5 45. Be6 Rb6 46. Re1 Kg7 47. Rc1 c4 48. Kg3 Rd3 49. Kf4 Kf6 50. Rg1 Rd4+ 51. Kxf3 c3 52. Ke3 Ke5 53. Bb3 Rbd6 54. Bc2 Rh4 55. Rg8 Rxh3+ 56. f3 Rh1 57. Rb8 Rd5 58. Be4 Rc5 59. Rb6 Re1+ 60. Kf2 Rxe4 0-1

[Event "Politiken Cup"]
[Site "Copenhagen DEN"]
[Date "1984.??.??"]
[Round "4"]
[White "Lengyel, Levente"]
[Black "Gallagher, Joseph G"]
[Result "1/2-1/2"]
[WhiteElo "2415"]
[BlackElo "2260"]
[PlyCount "80"]
[EventDate "1984.??.??"]
[Source "www.chesslib.no"]
[SourceDate "2004.05.04"]

1. Nf3 Nf6 2. c4 e6 3. Nc3 d5 4. d4 Be7 5. Bg5 O-O 6. e3 Nbd7 7. Rc1 c6 8. Bd3 dxc4 9. Bxc4 Nd5 10. Bxe7 Qxe7 11. O-O Nxc3 12. Rxc3 e5 13. Bb3 e4 14. Nd2 Nf6 15. Bc2 Bg4 16. Qb1 Rfe8 17. b4 a5 18. a3 axb4 19. axb4 Rad8 20. Rc5 Rd5 21. Bb3 Rxc5 22. bxc5 Be2 23. Re1 Bd3 24. Bc2 Bxc2 25. Qxc2 Nd5 26. Qb3 h5 27. Nc4 h4 28. h3 Qd7 29. Rb1 Re7 30. Na5 Qf5 31. Nxb7 Re6 32. Nd6 Qh5 33. Qb8+ Kh7 34. Qf8 Rf6 35. Nxe4 Re6 36. Nd6 Rf6 37. Rc1 Nc3 38. Rxc3 Qd1+ 39. Kh2 Rxf2 40. Ne8 Rxg2+ 1/2-1/2

[Event "Reg Gillman Memorial 'E' In Fr"]
[Site "?"]
[Date "1999.??.??"]
[Round "?"]
[White "Canibal Jaromir"]
[Black "Nielsen Jorgen Axel"]
[Result "1/2-1/2"]
[WhiteElo "2385"]
[BlackElo "2285"]
[PlyCount "51"]
[EventDate "1999.??.??"]
[Source "www.chesslib.no"]
[SourceDate "2004.05.04"]

1. d4 d5 2. c4 e6 3. Nc3 Nf6 4. Bg5 Be7 5. e3 O-O 6. Nf3 Nbd7 7. Rc1 c6 8. Bd3 dxc4 9. Bxc4 Nd5 10. Bxe7 Qxe7 11. O-O Nxc3 12. Rxc3 e5 13. d5 e4 14. Nd4 c5 15. Nf5 Qe5 16. Ng3 Nf6 17. f4 exf3 18. Qxf3 Bd7 19. Qf4 Rae8 20. Rd1 b6 21. d6 Qxf4 22. exf4 Ne4 23. Nxe4 Rxe4 24. g3 Rd8 25. Rd2 Kf8 26. Kf2 1/2-1/2

[Event "Wichern Open 3rd"]
[Site "Hamburg GER"]
[Date "1995.??.??"]
[Round "8"]
[White "Michaelsen, Nils"]
[Black "Trisic, Alexandar"]
[Result "1-0"]
[WhiteElo "2430"]
[BlackElo "2225"]
[PlyCount "85"]
[EventDate "1995.09.??"]
[Source "www.chesslib.no"]
[SourceDate "2004.05.04"]

1. d4 d5 2. c4 e6 3. Nf3 Nf6 4. Bg5 Be7 5. Nc3 O-O 6. e3 Nbd7 7. Rc1 c6 8. Bd3 dxc4 9. Bxc4 Nd5 10. Bxe7 Qxe7 11. O-O Nxc3 12. Rxc3 e5 13. Bb3 exd4 14. exd4 Nf6 15. Re3 Qd6 16. h3 Nd5 17. Re5 f6 18. Bxd5+ cxd5 19. Re3 Bd7 20. Qb3 b6 21. Nd2 Kh8 22. Rfe1 Rac8 23. a3 Rfe8 24. Nf1 Kg8 25. Rxe8+ Rxe8 26. Ne3 Kf8 27. Rd1 Bc6 28. Rc1 g6 29. Rc3 Re6 30. Qc2 Ke8 31. b4 Kd7 32. Qd3 Re7 33. Qa6 Qb8 34. Rc1 Re4 35. Ng4 Re6 36. Qd3 h5 37. Ne3 Qf4 38. b5 Bb7 39. g3 Qd6 40. Qxg6 Qxa3 41. Rc2 Rxe3 42. fxe3 Qxe3+ 43. Kh2 1-0

[Event "RUS-ch54 sf Siberia"]
[Site "Novosibirsk"]
[Date "2001.04.??"]
[Round "3"]
[White "Kirillov, Andrey"]
[Black "Yudin, Sergei"]
[Result "0-1"]
[WhiteElo "2417"]
[BlackElo "2217"]
[PlyCount "91"]
[EventDate "2001.04.19"]
[Source "ChessBase"]
[SourceDate "2001.07.03"]

1. Nf3 d5 2. d4 e6 3. c4 Nf6 4. Bg5 c6 5. e3 Be7 6. Nc3 O-O 7. Bd3 dxc4 8. Bxc4 Nd5 9. Bxe7 Qxe7 10. Rc1 Nd7 11. O-O Nxc3 12. Rxc3 e5 13. Qc2 e4 14. Nd2 Nf6 15. Bb3 Kh8 16. Rc5 Nd7 17. Rf5 g6 18. Ra5 f5 19. Qc3 Qf6 20. Nc4 b6 21. Ra3 Bb7 22. Ne5 Nxe5 23. dxe5 Qg7 24. Rd1 Rfe8 25. Rd6 a6 26. Rf6 Rad8 27. h3 Rf8 28. Ra4 Rd3 29. Qb4 Rxf6 30. exf6 Qxf6 31. Qxb6 Rd7 32. Qc5 Kg7 33. Rd4 Rxd4 34. exd4 f4 35. Qa7 Qe7 36. d5 e3 37. Qd4+ Qf6 38. fxe3 fxe3 39. Qxf6+ Kxf6 40. dxc6 Bxc6 41. g3 Ke5 42. Bc4 a5 43. h4 Kd4 44. Be2 Bd5 45. a3 Be4 46. Kf1 0-1

[Event "Budapest FS08 IM-B"]
[Site "Budapest HUN"]
[Date "1995.??.??"]
[Round "2"]
[White "Peredy, Ferenc"]
[Black "Kahn, Evarth"]
[Result "1/2-1/2"]
[WhiteElo "2230"]
[BlackElo "2400"]
[PlyCount "30"]
[EventDate "1995.08.??"]
[Source "www.chesslib.no"]
[SourceDate "2004.05.04"]

1. d4 d5 2. c4 e6 3. Nc3 Nf6 4. Bg5 Be7 5. e3 O-O 6. Nf3 Nbd7 7. Rc1 c6 8. Bd3 dxc4 9. Bxc4 Nd5 10. Bxe7 Qxe7 11. O-O Nxc3 12. Rxc3 e5 13. Bb3 exd4 14. exd4 Nf6 15. Re1 Qd6 1/2-1/2

[Event "Espoo Open"]
[Site "Espoo"]
[Date "1992.??.??"]
[Round "?"]
[White "Sorri, Kari Juhani"]
[Black "Hurme, Harri M"]
[Result "1-0"]
[WhiteElo "2340"]
[BlackElo "2270"]
[PlyCount "111"]
[EventDate "1992.??.??"]
[Source "www.chesslib.no"]
[SourceDate "2004.05.04"]

1. d4 Nf6 2. c4 e6 3. Nc3 d5 4. Bg5 Be7 5. e3 c6 6. Nf3 O-O 7. Rc1 Nbd7 8. Bd3 dxc4 9. Bxc4 Nd5 10. Bxe7 Qxe7 11. O-O Nxc3 12. Rxc3 e5 13. e4 exd4 14. Qxd4 Nb6 15. Bb3 Rd8 16. Qe3 Be6 17. Bxe6 Qxe6 18. Nd4 Qe5 19. Nf5 Rd7 20. f4 Qf6 21. Qh3 Qd8 22. Rg3 g6 23. Nh6+ Kf8 24. f5 Rd1 25. Rgf3 Qd4+ 26. Kh1 Qd3 27. g4 Rxf1+ 28. Qxf1 Qxf1+ 29. Rxf1 Kg7 30. g5 f6 31. h4 Re8 32. Rf4 Nd7 33. Ng4 gxf5 34. exf5 c5 35. b4 b6 36. bxc5 bxc5 37. Ra4 a5 38. Kg2 Ra8 39. Re4 Kf7 40. Re6 Re8 41. Rd6 Ne5 42. Rxf6+ Kg7 43. Kg3 c4 44. Ne3 c3 45. Re6 Rxe6 46. fxe6 Kf8 47. Kf4 Nd3+ 48. Ke4 Nf2+ 49. Kf5 Nd3 50. h5 Nb4 51. h6 Nd5 52. Ke4 Nc7 53. Ke5 a4 54. Kd6 Na8 55. Kc6 Kg8 56. e7 1-0

[Event "Budapest Nuovo-B"]
[Site "Budapest HUN"]
[Date "1992.??.??"]
[Round "3"]
[White "Kahn, Evarth"]
[Black "Almasi, Istvan"]
[Result "1/2-1/2"]
[WhiteElo "2255"]
[BlackElo "2350"]
[PlyCount "58"]
[EventDate "1992.??.??"]
[Source "www.chesslib.no"]
[SourceDate "2004.05.04"]

1. d4 e6 2. c4 Nf6 3. Nc3 d5 4. Bg5 Be7 5. e3 O-O 6. Nf3 Nbd7 7. Rc1 c6 8. Bd3 dxc4 9. Bxc4 Nd5 10. Bxe7 Qxe7 11. O-O Nxc3 12. Rxc3 e5 13. Bb3 exd4 14. exd4 Nf6 15. Re1 Qd6 16. Ne5 Nd5 17. Rg3 Bf5 18. Qf3 Bg6 19. Bxd5 cxd5 20. Nxg6 hxg6 21. Rg5 f5 22. Re5 Rae8 23. Qg3 Rxe5 24. dxe5 Re8 25. Rxg6 Qxe5 26. Qxe5 Rxe5 27. Kf1 Kf7 28. Rd6 Ke7 29. Rg6 Kf7 1/2-1/2

[Event "otb"]
[Site "otb"]
[Date "2007.04.21"]
[Round "4"]
[White "Savage Ben D"]
[Black "Aarland Stein Arild"]
[Result "1/2-1/2"]
[WhiteElo "2332"]
[BlackElo "2265"]
[PlyCount "127"]
[Source "www.chesslib.no"]
[SourceDate "2004.05.04"]

1. d4 d5 2. Nf3 Nf6 3. c4 e6 4. Bg5 Be7 5. Nc3 O-O 6. e3 Nbd7 7. Rc1 c6 8. Bd3 dxc4 9. Bxc4 Nd5 10. Bxe7 Qxe7 11. O-O Nxc3 12. Rxc3 e5 13. Bb3 e4 14. Nd2 Nf6 15. Qc2 Bf5 16. f4 g6 17. Rc1 h5 18. Nf1 h4 19. Qf2 h3 20. Rc5 Ng4 21. Qg3 hxg2 22. Kxg2 Kh7 23. h3 Nh6 24. Nh2 Qd7 25. Bd1 Kg7 26. Ng4 Rh8 27. Be2 Be6 28. Nxh6 Rxh6 29. Bg4 Bxg4 30. hxg4 Rah8 31. f5 Qe7 32. Rf1 Rh2+ 33. Kg1 R2h3 34. f6+ Qxf6 35. Qxh3 Rxh3 36. Rxf6 Kxf6 37. g5+ Kg7 38. Kf2 Rh2+ 39. Kg3 Rxb2 40. a4 Rb4 41. Ra5 a6 42. Kf4 f6 43. gxf6+ Kxf6 44. Kxe4 Rb1 45. Re5 Rb4 46. Ra5 Ke6 47. Rg5 Kf7 48. Ra5 Rb3 49. Kf4 Ra3 50. Ke4 Kf6 51. Kf4 Ra1 52. Ke4 Ra2 53. Kf3 Ra3 54. Kf4 Ra1 55. Ke4 g5 56. Rf5+ Kg6 57. a5 Rb1 58. Re5 Kf6 59. Rf5+ Kg6 60. Re5 Kf6 61. Rf5+ Kg6 62. Re5 Rb5 63. Re7 Kh5 64. Kf3 1/2-1/2

[Event "Tchigorine (memorial)"]
[Site "?"]
[Date "2004.10.24"]
[Round "9.41"]
[White "Utkin Aleksey"]
[Black "Gerasimov Yuri (RUS)"]
[Result "1/2-1/2"]
[WhiteElo "2393"]
[BlackElo "2195"]
[PlyCount "112"]
[EventDate "2004.??.??"]
[Source "www.chesslib.no"]
[SourceDate "2004.05.04"]

1. d4 Nf6 2. Nf3 d5 3. c4 c6 4. Nc3 e6 5. Bg5 Be7 6. e3 O-O 7. Rc1 Nbd7 8. Bd3 dxc4 9. Bxc4 Nd5 10. Bxe7 Qxe7 11. O-O Nxc3 12. Rxc3 e5 13. Bb3 e4 14. Nd2 Nf6 15. Qb1 Bf5 16. Bc2 Rae8 17. Rc5 Bg6 18. Re5 Qc7 19. Rxe8 Rxe8 20. h3 Qa5 21. Nc4 Qg5 22. Kh1 Re6 23. Ne5 Bf5 24. f4 Qh6 25. Bb3 Re7 26. Qe1 Ne8 27. Kh2 Be6 28. Qb4 Qf6 29. Bxe6 Qxe6 30. f5 Qd6 31. Qxd6 Nxd6 32. f6 Re6 33. fxg7 f6 34. Nd7 Kxg7 35. Nc5 Re7 36. Rc1 f5 37. Kg3 Kf6 38. Kf4 Ne8 39. g4 Nc7 40. Kg3 Nd5 41. Re1 fxg4 42. hxg4 Kg5 43. Rh1 Nxe3 44. Re1 Nc2 45. Rxe4 Rxe4 46. Nxe4+ Kg6 47. Nd6 b6 48. Nc8 Nxd4 49. Nxa7 Kg5 50. a4 Ne2+ 51. Kf3 Nd4+ 52. Ke4 Nb3 53. Nxc6 Nc5+ 54. Kf3 Nxa4 55. b4 Nc3 56. Nd4 Nd5 1/2-1/2

[Event "It (Open) Bar SCG"]
[Site "?"]
[Date "2006.03.20"]
[Round "3"]
[White "Jakovljevic Vlado"]
[Black "Mijovic Stefan"]
[Result "0-1"]
[WhiteElo "2424"]
[BlackElo "2142"]
[PlyCount "46"]
[EventDate "2006.??.??"]
[Source "www.chesslib.no"]
[SourceDate "2004.05.04"]

1. Nf3 d5 2. d4 Nf6 3. c4 e6 4. Nc3 Be7 5. Bg5 Nbd7 6. e3 O-O 7. Rc1 c6 8. Bd3 dxc4 9. Bxc4 Nd5 10. Bxe7 Qxe7 11. O-O Nxc3 12. Rxc3 e5 13. Bb3 exd4 14. exd4 Nf6 15. Re1 Qd6 16. Ne5 Nd5 17. Rg3 Be6 18. Qh5 Ne7 19. Rxg7+ Kxg7 20. Bxe6 Qxe6 21. Re4 Qf5 22. Qe2 Ng6 23. Nd3 Rae8 0-1

[Event "CRI Ch"]
[Site "Costa Rica"]
[Date "1994.??.??"]
[Round "10"]
[White "Bermudez, Sergio"]
[Black "Murillo, Alexis"]
[Result "0-1"]
[WhiteElo "2220"]
[BlackElo "2335"]
[PlyCount "90"]
[EventDate "1994.??.??"]
[Source "www.chesslib.no"]
[SourceDate "2004.05.04"]

1. d4 d5 2. c4 e6 3. Nc3 Nf6 4. Nf3 Be7 5. Bg5 Nbd7 6. e3 O-O 7. Rc1 c6 8. Bd3 dxc4 9. Bxc4 Nd5 10. Bxe7 Qxe7 11. O-O Nxc3 12. Rxc3 e5 13. e4 exd4 14. Nxd4 Ne5 15. Bb3 Rd8 16. f4 c5 17. fxe5 Rxd4 18. Qh5 Be6 19. Rh3 h6 20. Rg3 Bxb3 21. axb3 Rad8 22. Qxh6 Qxe5 23. Rg5 Rd1 24. Rxe5 gxh6 25. Ref5 Rxf1+ 26. Kxf1 b6 27. Ke2 Rd4 28. Ke3 Rb4 29. Rf2 Rxb3+ 30. Kf4 Kf8 31. Ke5 Ke7 32. Rd2 c4 33. Kd4 b5 34. Kc5 Rd3 35. Re2 a6 36. e5 Rd1 37. Kb6 Ra1 38. g4 Ra2 39. Rc2 Ke6 40. h4 Kxe5 41. g5 hxg5 42. h5 Kf6 43. Kc6 Kg7 44. Kd6 Ra1 45. Rh2 Re1 0-1

[Event "WchS"]
[Site "Bad Wildbad"]
[Date "1997.??.??"]
[Round "9"]
[White "Zoltek, Tadeusz"]
[Black "Schlag, Franz"]
[Result "1/2-1/2"]
[WhiteElo "2290"]
[BlackElo "2245"]
[PlyCount "80"]
[EventDate "1997.11.??"]
[Source "www.chesslib.no"]
[SourceDate "2004.05.04"]

1. Nf3 d5 2. d4 Nf6 3. c4 e6 4. Nc3 Be7 5. Bg5 Nbd7 6. e3 c6 7. Rc1 O-O 8. Bd3 dxc4 9. Bxc4 Nd5 10. Bxe7 Qxe7 11. O-O Nxc3 12. Rxc3 e5 13. Bb3 Kh8 14. dxe5 Nxe5 15. Nxe5 Qxe5 16. f4 Qc7 17. f5 f6 18. Rf4 g5 19. fxg6 hxg6 20. Qd4 Kg7 21. Rd3 Bf5 22. Rc3 Qe5 23. Qb4 Rab8 24. g4 a5 25. Qc4 b5 26. Qxc6 Rfc8 27. Rxf5 gxf5 28. Qd7+ Kh6 29. Rxc8 Qxe3+ 30. Kf1 Rxc8 31. Qxc8 Qf3+ 32. Ke1 Qh1+ 33. Kd2 Qxh2+ 34. Kc1 Qf4+ 35. Kc2 fxg4 36. Qf8+ Kg5 37. Qg8+ Kh4 38. Bd5 Qf2+ 39. Kc3 Qe3+ 40. Kc2 Qe2+ 1/2-1/2

[Event "AUS-sf"]
[Site "Brisbane AUS"]
[Date "1995.??.??"]
[Round "1"]
[White "Corner, Michael J"]
[Black "Solomon, Stephen J"]
[Result "1/2-1/2"]
[WhiteElo "2080"]
[BlackElo "2400"]
[PlyCount "100"]
[EventDate "1995.??.??"]
[Source "www.chesslib.no"]
[SourceDate "2004.05.04"]

1. d4 Nf6 2. Nf3 e6 3. c4 d5 4. Nc3 Be7 5. Bg5 Nbd7 6. e3 O-O 7. Rc1 c6 8. Bd3 dxc4 9. Bxc4 Nd5 10. Bxe7 Qxe7 11. O-O Nxc3 12. Rxc3 e5 13. d5 cxd5 14. Qxd5 e4 15. Nd2 Nf6 16. Qg5 h6 17. Qh4 Rd8 18. Nb3 Rd6 19. Be2 Bd7 20. Nd4 Rb6 21. Rc2 a5 22. Rfc1 a4 23. a3 Ra5 24. Qg3 Kh7 25. Bc4 Ne8 26. Qb8 Rg5 27. Bf1 Bg4 28. Qa7 Rbg6 29. Qxa4 h5 30. Qa7 h4 31. Qb8 Nd6 32. Qc7 Qf6 33. Qc3 Bf3 34. g3 hxg3 35. fxg3 Rxg3+ 36. hxg3 Rxg3+ 37. Rg2 Bxg2 38. Bxg2 Qg5 39. Rc2 b5 40. Re2 Nc4 41. Nc2 Ne5 42. Kf1 Nf3 43. Qb4 f5 44. Qxb5 Nh4 45. Ne1 Nf3 46. Rf2 Nh4 47. Qc5 Rxe3 48. Qe5 Rxe1+ 49. Kxe1 Nxg2+ 50. Rxg2 Qxg2 1/2-1/2

[Event "Edinburgh op"]
[Site "Edinburgh"]
[Date "2000.??.??"]
[Round "5"]
[White "Muir, Andrew J"]
[Black "Roberts, Paul"]
[Result "1/2-1/2"]
[WhiteElo "2317"]
[BlackElo "2148"]
[PlyCount "91"]
[EventDate "2000.??.??"]
[Source "www.chesslib.no"]
[SourceDate "2004.05.04"]

1. d4 d5 2. c4 e6 3. Nc3 Be7 4. Nf3 Nf6 5. Bg5 O-O 6. e3 Ne4 7. Bxe7 Qxe7 8. Rc1 c6 9. Bd3 Nxc3 10. Rxc3 Nd7 11. O-O dxc4 12. Bxc4 e5 13. Qc2 e4 14. Nd2 Nf6 15. Rc1 Bf5 16. f4 Rfd8 17. a3 a5 18. Ba2 Be6 19. Bxe6 Qxe6 20. Rc5 Nd5 21. Re1 f5 22. Nb1 g6 23. b3 Qf6 24. Qc4 Kg7 25. Nc3 Nb6 26. Qe2 Nd7 27. Na4 b5 28. Rec1 Rac8 29. Nb2 Nxc5 30. Rxc5 Rd5 31. Rc2 Qd6 32. a4 Qb4 33. axb5 Qxb5 34. Qc4 Rb8 35. Rc3 Qxc4 36. Nxc4 c5 37. Ne5 cxd4 38. Rc7+ Kh6 39. exd4 Rxd4 40. g4 Rd1+ 41. Kg2 Rd2+ 42. Kf1 Rd1+ 43. Kg2 Rd2+ 44. Kf1 Rd1+ 45. Kg2 Rd2+ 46. Kf1 1/2-1/2

[Event "ITA-ch U20"]
[Site "?"]
[Date "2003.08.24"]
[Round "4"]
[White "Di Caro Calogero"]
[Black "Brunello Sabino"]
[Result "1/2-1/2"]
[WhiteElo "2221"]
[BlackElo "2234"]
[PlyCount "104"]
[EventDate "2003.??.??"]
[Source "www.chesslib.no"]
[SourceDate "2004.05.04"]

1. Nf3 d5 2. d4 Nf6 3. c4 e6 4. Nc3 Be7 5. Bg5 O-O 6. e3 Nbd7 7. Rc1 c6 8. Bd3 dxc4 9. Bxc4 Nd5 10. Bxe7 Qxe7 11. O-O Nxc3 12. Rxc3 e5 13. Bb3 exd4 14. exd4 Nf6 15. Re1 Qd6 16. Ne5 Nd5 17. Rg3 Bf5 18. Qf3 Bg6 19. h4 Nf6 20. Nxg6 hxg6 21. Rxg6 Qxd4 22. Qg3 Nd5 23. Rg5 Rae8 24. Ree5 Rxe5 25. Qxe5 Qxe5 26. Rxe5 Rd8 27. Re4 Kf8 28. Ra4 a6 29. Bc2 Nf6 30. Rb4 b5 31. Rb3 c5 32. Rd3 Rxd3 33. Bxd3 c4 34. Bf5 b4 35. Kf1 Nd5 36. Ke1 a5 37. Kd2 Ke7 38. Be4 Nf6 39. Bf3 Kd6 40. a3 Ke5 41. axb4 axb4 42. Ke3 g6 43. g3 c3 44. bxc3 bxc3 45. Kd3 Kf5 46. Kxc3 Ng4 47. Bxg4+ Kxg4 48. Kd4 Kf3 49. Ke5 f5 50. Kf6 Kxf2 51. Kxg6 Kxg3 52. Kxf5 Kxh4 1/2-1/2